000 00256nam a22001217a 4500
008 171127b xxu||||| |||| 00| 0 eng d
041 _aeng
080 _a7
100 _a45
101 _aART
245 _aPRINTS AND DRAWINGS
_cPETERDI,G
942 _2udc
_cBK
999 _c38569
_d38569